000 00275nam a2200109Ia 4500
008 171211s9999 xx 000 0 und d
245 _aCSS Text
245 _cEric A. Meyer
260 _c2013
650 _xWeb Development
856 _uhttp://down.ebook777.com/003/CSSText.pdf
999 _c350129
_d350129